000 00303nam a22001337a 4500
008 171102b xxu||||| |||| 00| 0 eng d
020 _a9780761923572
041 _aeng
080 _a339.138
100 _a60
101 _aMAR
245 _aOPTIMAL DATABASE MARKETING
_cDROZDENKO,R.G
942 _2udc
_cBK
999 _c37356
_d37356